<?xml version="1.0" encoding="UTF-8"?>
<collection xmlns="http://www.loc.gov/MARC21/slim">
 <record>
  <leader>00682nam a22002175a 4500</leader>
  <controlfield tag="001">CEM.cems013827</controlfield>
  <controlfield tag="005">20130403162808.0</controlfield>
  <controlfield tag="008">130507s2000##################000#0#####d</controlfield>
  <controlfield tag="003">CEMS</controlfield>
  <datafield tag="020" ind1=" " ind2=" ">
   <subfield code="a">840803622X</subfield>
  </datafield>
  <datafield tag="082" ind1="0" ind2="4">
   <subfield code="a">818.3</subfield>
  </datafield>
  <datafield tag="100" ind1="1" ind2=" ">
   <subfield code="a">Poe, Edgar Allan</subfield>
  </datafield>
  <datafield tag="245" ind1="1" ind2="0">
   <subfield code="a">Cuentos /</subfield>
   <subfield code="c">Edgar Allan Poe ; introducción de Juan Perucho ; traducción de Julio Gómez de La Serna</subfield>
  </datafield>
  <datafield tag="260" ind1=" " ind2=" ">
   <subfield code="a">Madrid :</subfield>
   <subfield code="b">Planeta,</subfield>
   <subfield code="c">2000</subfield>
  </datafield>
  <datafield tag="300" ind1=" " ind2=" ">
   <subfield code="a">527 p.</subfield>
  </datafield>
  <datafield tag="490" ind1="0" ind2=" ">
   <subfield code="a">Biblioteca La Nación</subfield>
  </datafield>
  <datafield tag="653" ind1=" " ind2=" ">
   <subfield code="a">Literatura norteamericana</subfield>
  </datafield>
  <datafield tag="653" ind1=" " ind2=" ">
   <subfield code="a">Cuentos</subfield>
  </datafield>
  <datafield tag="700" ind1="1" ind2=" ">
   <subfield code="a">Perucho, Juan; int.</subfield>
  </datafield>
  <datafield tag="700" ind1="1" ind2=" ">
   <subfield code="a">Gómez de la Serna, Julio; trad.</subfield>
  </datafield>
  <datafield tag="859" ind1=" " ind2=" ">
   <subfield code="a">CEMS</subfield>
   <subfield code="b">BIB. CEMS - 11 de abril</subfield>
   <subfield code="h">818.3</subfield>
   <subfield code="i">P752-10</subfield>
   <subfield code="p">26596.13</subfield>
   <subfield code="t">Ej.1</subfield>
  </datafield>
 </record>
</collection>
